Risultati della Lazio in UEFA Europa League 2015-2016 - Statistics

Statistiche generali
  • Questo quiz è stato fatto 5 volte
  • Il punteggio medio è 8 su 10
Statistiche sulle risposte
Hint Risposta % Corretto
Lazio - Sparta Praga 0-3
100%
Sparta Praga - Lazio 1-1
100%
Dnipro - Lazio 1-1
75%
Saint-Étienne - Lazio 1-1
75%
Galatasaray - Lazio 1-1
75%
Lazio - Rosenborg 3-1
75%
Lazio - Galatasaray 3-1
75%
Lazio - Saint-Étienne 3-2
75%
Rosenborg - Lazio 0-2
50%
Lazio - Dnipro 3-1
50%
Nessun quiz corrispondente trovato
Distribuzione punteggi
Percentuale di utenti per punteggio
Percentile per numero di risposta
I tuoi punteggi nel tempo
Non hai fatto questo quiz